00514nam a2200229Ia 450000500170000000800460001702000180006303700100008104000080009104000080009904000080010704100080011504100080012308400080013110000150013924500300015426000230018426000090020736500050021636500100022185600530023120260324120133.0008 260324s9999 xx 000 0 eng d a9780429346552 aEBOOK aCRL beng cCRL 2eng aeng qCRL aKate Marks 0aHR for Creative Companies bTaylor and Francis c2015 a b98.99 uhttp://www.taylorfrancis.com/books/9780429346552